000 00291nam a2200109Ia 4500
008 171211s9999 xx 000 0 und d
245 4 _aThe Reluctant Entertainer
245 _cSandy Coughlin
260 _c2010
650 _xHobbies
856 _uhttp://down.ebook777.com/062/9780764207501.pdf
999 _c350346
_d350346